Informačné technológie a audit

Pojmy informácie, informačné technológie a informačná spoločnosť. Informačný manažment - charakteristika, ciele. Audit a informačný manažment. Progresívne úvahy k auditu. Nástup manažérskeho myslenia smerom k rozvoju informačných technológií.

Enregistré dans:
Détails bibliographiques
Auteur principal: Alexy, Július, 1926-2024
Autres auteurs: Sivák, Rudolf, 1955-
Format: Chapitre de livre
Langue:slovaque
Sujets:
Tags: Ajouter un tag
Pas de tags, Soyez le premier à ajouter un tag!

MARC

LEADER 00000naa a2200000 4500
001 r040099
005 20240502071335.5
041 0 |a slo 
044 |a SK 
245 1 0 |a Informačné technológie a audit  |c Július Alexy, Rudolf Sivák 
520 |a Pojmy informácie, informačné technológie a informačná spoločnosť. Informačný manažment - charakteristika, ciele. Audit a informačný manažment. Progresívne úvahy k auditu. Nástup manažérskeho myslenia smerom k rozvoju informačných technológií. 
610 2 0 |a informácie 
610 2 0 |a technológie informačné 
610 2 0 |a spoločnosť informačná 
610 2 0 |a manažment informačný 
610 2 0 |a audit 
100 1 |a Alexy, Július, 1926-2024 
700 1 |a Sivák, Rudolf, 1955-